| 000 | 00506nam a2200169 4500 | ||
|---|---|---|---|
| 001 | 149127 | ||
| 003 | ES-MaACL | ||
| 005 | 20230906202948.0 | ||
| 007 | t| | ||
| 008 | 070214s1952 sp r ||||1| spa d | ||
| 100 | 1 |
_aSzalay, Jerome. _9108981 |
|
| 245 | 1 | 3 |
_aEl cardenal Mindszenty / _cJerome Szalay ; traducción de Aristides Gamboa. |
| 260 |
_aBarcelona : _bEd. Hispano Americana, _c1952. |
||
| 300 |
_a204 p. ; _c19 cm. |
||
| 700 | 1 |
_aGamboa, Aristides. _953763 |
|
| 852 |
_aES-MaACL _jD-5697 _bR.32588 |
||
| 999 |
_c149127 _d149127 |
||